000 00683nam a2200289Ia 4500
005 20260324133328.0
008 008 260324s9999 xx 000 0 eng d
020 _a9781315698687
037 _aEBOOK
040 _aCRL
040 _beng
040 _cCRL
041 _2eng
041 _aeng
084 _qCRL
100 _aJohn F. Sherry Jr; Stephen Brown
_91192683
245 0 _aTime, Space, and the Market
245 0 _bRetroscapes Rising
260 _bTaylor and Francis
260 _c2003
365 _a
365 _b145
856 _uhttp://www.taylorfrancis.com/books/9781315698687
942 _cEBOOK
999 _c1791610
_d1791610